Physics for Scientists and Engineers / Shelden H. Radin (Registro nro. 21442)

Detalles MARC
000 -LÍDER
fixed length control field 00354nam a2200121 4500
008 - ELEMENTOS DE LONGITUD FIJA -- INFORMACIÓN GENERAL
fixed length control field 0 1982 0a 000 0EU
082 ## - NUMERO DE CLASIFICACION DECIMAL DEWEY
Número de Clasificación 530 R515p
100 ## - ASIENTO PRINCIPAL--NOMBRE PERSONAL
Nombre personal Radin, Shelden H.
245 ## - TÍTULO
Título Physics for Scientists and Engineers / Shelden H. Radin
260 ## - PUBLICACIÓN, DISTRIBUCIÓN, ETC. (PIE DE IMPRENTA)
Lugar de publicación, distribución, etc. New Jersey : Prentice-Hall
300 ## - DESCRIPCIÓN FÍSICA
Extensión xv, 112p. / 28cm.
700 ## - ASIENTO SECUNDARIO - NOMBRE PERSONAL
Nombre personal Folk, Robert T.
Existencias
No. biblioteca No. biblioteca Número de clasificación Código de barras/Número de adquisición Número de copia Tipo de material
LUIS G. INCLAN LUIS G. INCLAN 530 R515p 9578 1 Libros
Calzada Tecnológico # 27, Zacatepec, Morelos.
01(734) 343-07-23 / 343-21-10 / 343-21-11
Apdo. Postal 45 C.P 62780